|
|
|
|
| LEADER |
01163nam a22002057i 4500 |
| 003 |
GR-PaULI |
| 005 |
20210602072249.0 |
| 008 |
170201s1972 gr ||||f b||| 000 0 gre d |
| 040 |
|
|
|a GR-PaULI
|b gre
|c GR-PaULI
|e AACR2
|
| 082 |
0 |
4 |
|a 304.5
|2 23
|
| 100 |
1 |
|
|a Βλάχος, Σταμάτης Γ.
|9 159756
|e συγγραφέας
|
| 245 |
1 |
0 |
|a Εισαγωγή εις την κοινωνικήν βιολογίαν:
|b το βιολογικόν υπόβαθρον των κοινωνικών φαινομένων και η επίδρασις του κοινωνικού περιβάλλοντος επί της βιολογικής υποστάσεως των ατόμων /
|c Σταμ. Γ. Βλάχου.
|
| 260 |
|
|
|a Αθήνα :
|b Αρσενίδης,
|c 1972.
|
| 300 |
|
|
|a 101 σ. ;
|c 24 εκ.
|
| 504 |
|
|
|6 Περιλαμβάνει βιβλιογραφία.
|
| 650 |
|
4 |
|a Κοινωνιοβιολογία
|9 10874
|
| 942 |
|
|
|2 ddc
|c BK15
|
| 952 |
|
|
|0 0
|1 0
|2 ddc
|4 0
|6 304_500000000000000_ΒΛΑ
|7 0
|9 209413
|a PHIL
|b PHIL
|d 2017-02-01
|i 11714
|l 0
|o 304.5 ΒΛΑ
|p 025000242951
|r 2017-02-01 00:00:00
|t 1
|v 2017.00
|w 2017-02-01
|y BK15
|
| 998 |
|
|
|c ΚΑΝΕΛΛΟΠΟΥΛΟΥ
|d 2017-01
|
| 999 |
|
|
|c 127437
|d 127437
|